La fe en busca de inteligencia: ensayos teológicos
Збережено в:
| Автор: | |
|---|---|
| Формат: | Книга |
| Мова: | Іспанська |
| Опубліковано: |
Santiago
Ediciones Universidad Católica de Chile
1993
|
| Редагування: | 1a. ed |
| Предмети: | |
| Теги: |
Додати тег
Немає тегів, Будьте першим, хто поставить тег для цього запису!
|
MARC
| LEADER | 00000cam a2200000 a 4500 | ||
|---|---|---|---|
| 001 | UCE7592 | ||
| 003 | CL-VaPUC | ||
| 008 | 150626e19930000cl |||||||||||||||||spa|d | ||
| 020 | |a 9561401129 | ||
| 082 | 0 | 4 | |a 234.25 |b NOE |2 21 |
| 100 | |a Noemí Callejas, Juan Alejandro |e autor |9 580291 | ||
| 245 | 1 | 3 | |a La fe en busca de inteligencia: ensayos teológicos |
| 250 | |a 1a. ed | ||
| 300 | |a 218 p | ||
| 942 | |c BK | ||
| 945 | |d 20150626 15:30:00 |a gsalatino | ||
| 260 | |a Santiago |b Ediciones Universidad Católica de Chile |c 1993 | ||
| 650 | 0 | |a Cristianismo |9 257361 | |
| 650 | 0 | |a Aspectos religiosos |9 257320 | |
| 583 | |a last modification |c 20150626 15:30:00 |k Rodrigo Vera | ||
| 999 | |c 359647 |d 359645 | ||
| 952 | |0 0 |1 0 |3 erb |4 0 |6 234_250000000000000_NOE_1993 |7 0 |8 A |9 469040 |a BIBTEO |b BIBTEO |e Casale Rolle, Carlos Ignacio, -2014 |i 518259K |o 234.25 NOE 1993 |p 518259K |r 2025-01-17 |w 2019-11-23 |y BK |z Catalogado en:20150626 |k ICR | ||
| 952 | |0 0 |1 0 |2 ddc |4 0 |6 234_250000000000000_NOE_1993 |7 0 |8 A |9 599833 |a BIBTEO |b BIBTEO |c GEN |d 2025-01-23 |i 5607612 |o 234.25 NOE 1993 |p 5607612 |r 2025-01-23 |t 2 |w 2025-01-23 |y BK |k ICR | ||